000 00639 a2200205 4500
010 _aENG-85652
020 _a8170463084
_c450.00
035 _aEN-69185
037 _bD.B.Act / ven
082 1 4 _a709.54
090 _c3303
_d3303
100 1 _aSubramanyan, K. G.
245 1 _aMoving focus essays on Indian art
_cby K. G. Subramanyan
260 _aKolkatta
_bSeagull Books
_c2005
270 _a26, Circus Avenue,
_bKolkatta
_e700 017
300 _axii, 150 p.
_c24 cm ( Hb.)
500 _aIncludes index
942 _adpl
_cEN
_k709.54 / SUB
999 _c3239
_d3239